Bài tập tiếng Anh 10
Bài tập tiếng Anh 10 được biên soạn để giúp các học sinh củng cố và phát triển những gì các em được học qua sách giáo khoa. Sách gồm có 16 đơn vị bài tập cho 4 phần: Reading, Language focus Speaking, Writing.
Na minha lista:
| Autor principal: | |
|---|---|
| Formato: | Livro |
| Idioma: | Undetermined |
| Publicado em: |
Hà Nội
Giáo dục
2009
|
| Assuntos: | |
| Tags: |
Adicionar Tag
Sem tags, seja o primeiro a adicionar uma tag!
|
| Thư viện lưu trữ: | Trung tâm Học liệu Trường Đại học Cần Thơ |
|---|
| LEADER | 00933nam a2200217Ia 4500 | ||
|---|---|---|---|
| 001 | CTU_157689 | ||
| 008 | 210402s9999 xx 000 0 und d | ||
| 020 | |c 5800 | ||
| 082 | |a 428.0076 | ||
| 082 | |b V121/L.10 | ||
| 100 | |a Hoàng, Văn Vân | ||
| 245 | 0 | |a Bài tập tiếng Anh 10 | |
| 245 | 0 | |c Hoàng Văn Vân chủ biên | |
| 260 | |a Hà Nội | ||
| 260 | |b Giáo dục | ||
| 260 | |c 2009 | ||
| 520 | |a Bài tập tiếng Anh 10 được biên soạn để giúp các học sinh củng cố và phát triển những gì các em được học qua sách giáo khoa. Sách gồm có 16 đơn vị bài tập cho 4 phần: Reading, Language focus Speaking, Writing. | ||
| 650 | |a English language | ||
| 650 | |x Study and teaching | ||
| 904 | |i Bạch Trúc Tuyến sửa số 428.0712 thành 428.0076 | ||
| 980 | |a Trung tâm Học liệu Trường Đại học Cần Thơ | ||